000 00767nam a2200241Ia 4500
003 GCL
005 20240530110931.0
008 140319s9999 xx 000 0 ara d
040 _aGCL /
_cGCL
082 0 4 _a810.9
_bي ف
100 0 _aيوسف عزالدين
245 1 0 _aفى الادب العربى الحديث /
_cيوسف عزالدين
260 _aالقاهرة :
_bالهيئة المصرية العامة للكتاب،
_c1973
300 _a310 ص
650 0 4 _aالشعر العربى
650 0 4 _aالادب العربى
650 0 4 _aالعصر الحديث
650 0 4 _aالقصص العربية
650 0 4 _aالقصص العربية المترجمة
650 0 4 _aالنثر
650 0 4 _aتاريخ ونقد
942 _2ddc
_cBK
999 _c66652
_d66652